| 000 | 00343nam a2200145Ia 4500 | ||
|---|---|---|---|
| 008 | 230917s9999||||xx |||||||||||||| ||und|| | ||
| 040 |
_e19529 _aMAIN |
||
| 041 | _aEnglish | ||
| 082 | _a519.2 C819T | ||
| 100 | _aCox, D R | ||
| 245 | 0 | _aTheory of stochastic processes | |
| 260 |
_aLondon _bMethuen _c1965 |
||
| 300 | _ax, 398 p. | ||
| 942 | _cBK | ||
| 999 |
_c54270 _d54270 |
||